Clash royale carte 2026 - Statistics

Statistiche generali
  • Questo quiz è stato fatto 1.187 volte
    452 dall'ultimo reset
  • Il punteggio medio è 74 su 121
Statistiche sulle risposte
Suggerimento Risposta % Corretto
Carta comune1 elisir Scheletri
97%
Campione3 elisir (+3 abilità) Principino
86%
Carta comune3 elisir Cavaliere
85%
Carta comune2 elisir Goblin
85%
Carta rara5 elisir Gigante
84%
Carta epica8 elisir Golem
84%
Carta epica5 elisir Principe
84%
Carta epica5 elisir Strega
83%
Carta leggendaria2 elisir Tronco
81%
Carta epica7 elisir Pekka
80%
Carta comune1 elisir Spirito del ghiaccio
80%
Carta rara5 elisir Stregone
80%
Carta leggendaria7 elisir Gran cavaliere
79%
Carta rara4 elisir Mini pekka
79%
Carta comune1 elisir Spirito del fuoco
79%
Carta comune3 elisir Cannone
78%
Carta rara4 elisir Domatore
78%
Carta comune2 elisir Goblin lancieri
78%
Carta comune1 elisir Spirito elettrico
78%
Carta comune6 elisir Gigante royale
76%
Carta rara4 elisir Moschettiere
76%
Carta comune3 elisir Arcieri
75%
Carta leggendaria4 elisir Stregone elettrico
75%
Carta leggendaria3 elisir Fuorilegge
74%
Carta leggendaria3 elisir Minatore
74%
Carta epica3 elisir Orda di scheletri
74%
Carta epica4 elisir Principe nero
74%
Campione5 elisir (+1 abilità) Regina degli arcieri
74%
Carta comune2 elisir Scarica
74%
Carta comune5 elisir Barbari
72%
Carta comune3 elisir Sgherri
72%
Carta rara1 elisir Spirito della cura
72%
Carta leggendaria3 elisir Stregone di ghiaccio
72%
Carta comune4 elisir Tesla
72%
Carta comune3 elisir Frecce
71%
Carta rara9 elisir Tre moschettieri
71%
Carta rara5 elisir Capanna goblin
70%
Carta rara2 elisir Golem del ghiaccio
70%
Carta rara3 elisir Golem di elisir
69%
Carta leggendaria3 elisir Principessa
69%
Carta epica3 elisir Barile goblin
68%
Carta leggendaria5 elisir Domatrice di arieti
68%
Carta epica5 elisir Drago elettrico
68%
Carta epica2 elisir Furia
68%
Carta comune5 elisir Orda di sgherri
68%
Carta epica4 elisir Cucciolo di drago
67%
Carta leggendaria4 elisir Strega madre
67%
Carta leggendaria4 elisir Strega notturna
67%
Carta leggendaria4 elisir Drago infernale
66%
Carta epica6 elisir Fulmine
66%
Carta epica6 elisir Gigante goblin
66%
Carta rara5 elisir Torre infernale
66%
Carta leggendaria6 elisir Scintilla
65%
Carta epica7 elisir Gigante elettrico
64%
Campione4 elisir (+2 abilità) Re degli scheletri
64%
Carta comune6 elisir Barbari scelti
63%
Carta rara4 elisir Sfera infuocata
63%
Carta comune3 elisir Gang di goblin
62%
Carta rara6 elisir Razzo
62%
Carta rara4 elisir Valchiria
62%
Campione4 elisir (+1 abilità) Cavaliere d'oro
61%
Campione6 elisir (+1 abilità) Fuorilegge boss
61%
Carta leggendaria7 elisir Mastino lavico
61%
Carta epica4 elisir Veleno
60%
Carta rara6 elisir Capanna dei barbari
59%
Carta rara3 elisir Lapide
59%
Campione4 elisir (+1 abilità) Minatore colossale
59%
Campione5 elisir (+1 abilità) Monaco
59%
Carta comune2 elisir Palla di neve gigante
59%
Carta leggendaria4 elisir Boscaiolo
58%
Carta epica5 elisir Mongolfiera
58%
Carta epica+1 elisir Specchio
58%
Carta comune3 elisir Arciere pirotecnico
57%
Carta comune2 elisir Bombarolo
57%
Carta comune7 elisir Reclute royale
57%
Carta epica6 elisir Scheletro gigante
57%
Carta epica4 elisir Congelamento
56%
Carta rara3 elisir Goblin cerbottaniere
56%
Carta epica2 elisir Spaccamuro
56%
Carta rara4 elisir Torre bombardiera
56%
Carta leggendaria5 elisir Cimitero
55%
Carta comune2 elisir Berserker
54%
Carta rara5 elisir Maiali royale
54%
Carta comune2 elisir Pipistrelli
54%
Carta epica2 elisir Barile barbarico
53%
Carta epica6 elisir Arco x
52%
Carta rara4 elisir Fornace
51%
Carta epica3 elisir T'acchiappo
50%
Carta epica5 elisir Boia
49%
Campione5 elisir (+2 abilità) Goblinstein
49%
Carta epica3 elisir Guardie
49%
Carta comune3 elisir Barile d'ossa
48%
Carta rara6 elisir Estrattore di elisir
48%
Carta leggendaria3 elisir Fantasma royale
48%
Carta leggendaria4 elisir Arciere magico
47%
Carta rara4 elisir Gabbia per goblin
47%
Carta leggendaria5 elisir Macchina goblin
47%
Carta comune4 elisir Mortaio
47%
Carta epica3 elisir Nihil
47%
Carta comune3 elisir Consegna royale
46%
Carta epica4 elisir Gigantessa delle Rune
45%
Carta epica3 elisir Tornado
45%
Carta epica4 elisir Cacciatore
44%
Carta comune4 elisir Draghi d'ossa
44%
Carta rara3 elisir Terremoto
44%
Carta epica2 elisir Maledizione goblin
43%
Carta rara3 elisir Megasgherro
43%
Carta leggendaria3 elisir Pescatore
43%
Carta epica5 elisir Bocciatore
41%
Carta epica3 elisir Clonazione
41%
Carta leggendaria3-6 elisir Imperatrice degli Spiriti
41%
Carta comune5 elisir Mascalzoni
41%
Carta rara4 elisir Guaritrice guerriera
40%
Carta epica4 elisir Trivella goblin
38%
Carta rara4 elisir Macchina volante
37%
Carta rara4 elisir Scaricuccioli
37%
Carta rara2 elisir Cespuglio sospetto
36%
Carta rara4 elisir Ariete da battaglia
35%
Carta epica5 elisir Cannone a rotelle
34%
Carta leggendaria4 elisir Fenice
34%
Carta rara4 elisir Goblin demolitore
29%
Nessun quiz corrispondente trovato
Distribuzione punteggi
Percentuale di utenti per punteggio
Percentile per numero di risposta
I tuoi punteggi nel tempo
Non hai fatto questo quiz dall'ultimo reset